Name of countries' parliaments (legislatures) - Statistics

General Stats
  • This quiz has been taken 38 times
  • The average score is 41 of 68
Answer Stats
Hint Answer % Correct
Brazil - Upper House Federal Senate (Senado Federal)
94%
UK - Upper House House of Lords
94%
New Zealand Parliament (with House of Representatives as the only chamber)
94%
Egypt Parliament (with House of Representatives (Majlis) as only chamber)
94%
USA - Upper House Senate
94%
Canada - Upper House Senate
94%
Australia - Upper House Senate
94%
Pakistan - Upper House Senate
94%
Netherlands - Upper House Senate (Eerste Kamer)
94%
Ireland - Upper House Senate of Ireland (Seanad Eireann)
94%
Mexico - Upper House Senate of the Republic (Senado de la Republica)
94%
Spain - Upper House Senate (Senado)
94%
Argentina - Upper House Senate (Senado)
94%
France - Upper House Senate (Senat)
94%
Poland - Upper House Senate (Senat)
94%
Italy - Upper House Senate (Senato)
94%
Poland Parlament
91%
UK - Lower House House of Commons
88%
Canada - Lower House House of Commons
88%
Ireland National Parliament (Oireachtas)
88%
Italy Parlamento
88%
UK Parliament
88%
Canada Parliament
88%
Australia Parliament
88%
India Parliament
88%
Pakistan Parliament
88%
South Africa Parliament
88%
USA - Lower House House of Representatives
85%
Australia - Lower House House of Representatives
85%
Japan - Lower House House of Representatives (Shugiin)
85%
Netherlands - Lower House House of Representatives (Tweede Kamer)
85%
Argentina Argentine National Congress (Congreso de la Nación Argentina)
70%
USA Congress
70%
Mexico Congress of the Union (Congreso de la Unión)
70%
Brazil National Congress (Congresso Nacional)
70%
France Parlement
67%
Germany Bundestag
58%
Israel The Knesset
55%
Pakistan - Lower House National Assembly
48%
South Africa - Lower House National Assembly
48%
France - Lower House National Assembly (Assemblée National)
48%
South Korea National Assembly (Gukhoe)
48%
India - Lower House House of the People (Lok Sabha)
39%
Mexico - Lower House Chamber of Deputies (Camara de Diputados)
36%
Argentina - Lower House Chamber of Deputies (Camara de Diputados)
36%
Brazil - Lower House Chamber of Deputies (Camara dos Deputados)
36%
Italy - Lower House Chamber of Deputies (Camera dei deputati)
36%
Denmark Folketinget
33%
Poland - Lower House Sejm
33%
Russia - Lower House State Duma
33%
Russia - Upper House Federation Council
30%
India - Upper House Council of States (Rajya Sabha)
27%
Iran Islamic Consultative Assembly (Majlis-e Showra-ye Eslami)
27%
Sweden Riksdagen
27%
Japan National Diet (Kokkai)
24%
Norway Stortinget
24%
North Korea Supreme People's Assembly
24%
Iceland Althingi
21%
Ireland - Lower House Assembly of Ireland (Dail Eireann)
21%
Spain - Lower House Congress of Deputies (Congreso de los Diputados)
21%
Finland Eduskunta
21%
Spain General Courts (Cortes Generales)
21%
Japan - Upper House House of Councillors (Sangiin)
21%
China National People's Congress
18%
Netherlands States General (Staten-Generaal)
18%
Russia Federal Assembly
15%
Cuba National Assembly of People's Power
12%
South Africa - Upper House National Council of Provinces
12%
No matching quizzes found
Score Distribution
Percent of People with Each Score
Percentile by Number Answered
Your Score History
You have not taken this quiz